00266nam a2200097Ia 4500001000800000005001700008008004100025020001800066245006000084260002400144126478020260417141952.0260417s9999 xx 000 0 und d a9786051858067 0aGeçmiş Zaman FıkralarıcAbdülhak Şinasi Hisar bEverest Yayınları